000 00436nam a2200181Ia 4500
001 16004
005 20260306170237.0
008 260306t2014||||xx |||||||||||||| ||und||
041 _aESP
082 _a346.52
_bG14
100 _aGalán Cortés, Julio César
_eAUT
245 0 _aResponsabilidad civil médica
260 _c2014
300 _a879 páginas :
_c24 cm.
650 _aGEN
654 _aCDE
942 _cLIB
_dJUS
_fJUS
_2ddc
_n
999 _c16004
_d16004